[Event "CYCC U12"]
[Site "Vancouver CAN"]
[Date "2012.07.04"]
[Round "3"]
[White "Han, Lionel"]
[Black "Bellissimo, Joseph"]
[Result "0-1"]
[WhiteElo "1521"]
[BlackElo "2056"]
[PlyCount "40"]
[GameId "2160767909508702"]
[EventDate "2012.07.03"]
[EventType "swiss"]
[EventRounds "7"]
[EventCountry "CAN"]
[SourceTitle "EXT 2022"]
[Source "ChessBase"]
[SourceDate "2021.10.06"]
[SourceVersion "1"]
[SourceVersionDate "2021.10.06"]
[SourceQuality "1"]

1. e4 e5 2. Nf3 Nf6 3. Nc3 Nc6 4. d4 exd4 5. Nxd4 Bb4 6. Nxc6 bxc6 7. Bd3 d5 8. exd5 cxd5 9. Bd2 O-O 10. O-O Bd6 11. Bg5 c6 12. Ne2 Bxh2+ 13. Kh1 Bd6 14. Nd4 Bd7 15. Nf5 Bxf5 16. Bxf5 Be7 17. g3 h6 18. Be3 c5 19. c3 d4 20. cxd4 Qd5+ 0-1

[Event "CYCC U12"]
[Site "Vancouver CAN"]
[Date "2012.07.04"]
[Round "3"]
[White "Hou, Frank Gui"]
[Black "Tolentino, Andre Angelo"]
[Result "0-1"]
[WhiteElo "1200"]
[BlackElo "889"]
[PlyCount "109"]
[GameId "2160767909508703"]
[EventDate "2012.07.03"]
[EventType "swiss"]
[EventRounds "7"]
[EventCountry "CAN"]
[SourceTitle "EXT 2022"]
[Source "ChessBase"]
[SourceDate "2021.10.06"]
[SourceVersion "1"]
[SourceVersionDate "2021.10.06"]
[SourceQuality "1"]

1. e4 e5 2. Nf3 Nc6 3. Bb5 a6 4. Bxc6 dxc6 5. Nc3 Bd6 6. d4 Bg4 7. dxe5 Bxf3 8. Qxf3 Bxe5 9. Bf4 Bxc3+ 10. Qxc3 Nf6 11. Rd1 Qe7 12. O-O O-O 13. Be5 Nxe4 14. Qd4 f5 15. f3 Rad8 16. Qc4+ Kh8 17. fxe4 Rxd1 18. Bxg7+ Qxg7 19. Rxd1 Rg8 20. g3 fxe4 21. Qxe4 Qg4 22. Qe5+ Qg7 23. Qxg7+ Rxg7 24. Rd8+ Rg8 25. Rd7 Rg7 26. Rxg7 Kxg7 27. Kf2 Kg6 28. Kf3 Kf5 29. g4+ Kg5 30. Kg3 Kf6 31. Kf4 h6 32. h4 b5 33. g5+ Kg6 34. gxh6 Kxh6 35. Ke5 Kh5 36. Ke6 Kxh4 37. Kd7 c5 38. Kxc7 Kg3 39. Kb6 Kf3 40. Kxa6 Ke3 41. Kxb5 Kd2 42. Kxc5 Kxc2 43. a4 Kxb2 44. a5 Kc2 45. a6 Kd2 46. a7 Ke2 47. a8=Q Kf2 48. Qa3 Kg2 49. Qe3 Kh2 50. Kd4 Kg2 51. Ke4 Kh2 52. Qf3 Kg1 53. Qe2 Kh1 54. Kf3 Kg1 55. Qg2# 0-1

[Event "CYCC U12"]
[Site "Vancouver CAN"]
[Date "2012.07.04"]
[Round "3"]
[White "Ju, Terrence"]
[Black "Lee, Stefano"]
[Result "1-0"]
[WhiteElo "1268"]
[BlackElo "986"]
[PlyCount "71"]
[GameId "2160767909508704"]
[EventDate "2012.07.03"]
[EventType "swiss"]
[EventRounds "7"]
[EventCountry "CAN"]
[SourceTitle "EXT 2022"]
[Source "ChessBase"]
[SourceDate "2021.10.06"]
[SourceVersion "1"]
[SourceVersionDate "2021.10.06"]
[SourceQuality "1"]

1. d4 e6 2. c4 Nf6 3. Nc3 Bb4 4. Bg5 h6 5. Bh4 g5 6. Bg3 d5 7. Be5 O-O 8. a3 Ba5 9. b4 Bb6 10. c5 Ne4 11. Nxe4 dxe4 12. cxb6 axb6 13. Rc1 Rxa3 14. Bxc7 Qe7 15. Bxb8 Ra2 16. Qb3 Ra8 17. Bc7 b5 18. Bb6 Ra4 19. Bc5 Qf6 20. Bxf8 Kxf8 21. Rxc8+ Kg7 22. Rc1 g4 23. e3 Qe7 24. Rb1 Ra8 25. Bxb5 Rc8 26. Ne2 Qc7 27. O-O h5 28. Rfc1 Qb8 29. Rxc8 Qxc8 30. Rc1 Qa8 31. Qa4 Qd8 32. Nf4 Qh4 33. Qa1 Qe7 34. d5+ Kh7 35. Rc8 Qxb4 36. Qh8# 1-0

[Event "CYCC U12"]
[Site "Vancouver CAN"]
[Date "2012.07.04"]
[Round "3"]
[White "Katz, Matthew"]
[Black "Olechko, Nikita"]
[Result "0-1"]
[WhiteElo "660"]
[BlackElo "566"]
[PlyCount "120"]
[GameId "2160767909508705"]
[EventDate "2012.07.03"]
[EventType "swiss"]
[EventRounds "7"]
[EventCountry "CAN"]
[SourceTitle "EXT 2022"]
[Source "ChessBase"]
[SourceDate "2021.10.06"]
[SourceVersion "1"]
[SourceVersionDate "2021.10.06"]
[SourceQuality "1"]

1. e4 c6 2. Nc3 d5 3. f3 e5 4. d3 Nf6 5. Bg5 Bb4 6. Bd2 O-O 7. Qe2 Bxc3 8. Bxc3 d4 9. Bb4 Re8 10. O-O-O Be6 11. Kb1 Nbd7 12. g3 c5 13. Bd2 b5 14. Bh3 a5 15. f4 exf4 16. gxf4 Nb6 17. Bxe6 Rxe6 18. f5 Re7 19. Nf3 Rea7 20. Ne5 Qd6 21. Bf4 a4 22. Rdf1 a3 23. Nc4 Qc6 24. Nxa3 b4 25. Nc4 Nxc4 26. dxc4 Rxa2 27. Kc1 Ra1+ 28. Kd2 Rxf1 29. Rxf1 Qxe4 30. Rg1 Qxf4+ 31. Kd3 Qe3+ 32. Qxe3 dxe3 33. Kxe3 Ra2 34. Rd1 h6 35. Rb1 Ng4+ 36. Ke4 Nf6+ 37. Ke5 Kf8 38. Kd6 Ra5 39. h3 g5 40. fxg6 fxg6 41. Rc1 g5 42. Rf1 Kf7 43. Ke5 Ra6 44. c3 b3 45. Kf5 Nd7 46. Ke4+ Rf6 47. Rd1 Ke7 48. Rg1 Rf2 49. Rb1 h5 50. Kd5 g4 51. hxg4 hxg4 52. Kc6 g3 53. Kb5 g2 54. Rg1 Rxb2 55. Ka4 Kd6 56. Ka3 Rf2 57. Kxb3 Ne5 58. Ka4 Kc6 59. Ka5 Nf3 60. Rb1 g1=Q 0-1

[Event "CYCC U12"]
[Site "Vancouver CAN"]
[Date "2012.07.04"]
[Round "3"]
[White "Knox, Nathaniel"]
[Black "Hastings, Luke"]
[Result "1-0"]
[WhiteElo "1177"]
[BlackElo "896"]
[PlyCount "71"]
[GameId "2160767909508706"]
[EventDate "2012.07.03"]
[EventType "swiss"]
[EventRounds "7"]
[EventCountry "CAN"]
[SourceTitle "EXT 2022"]
[Source "ChessBase"]
[SourceDate "2021.10.06"]
[SourceVersion "1"]
[SourceVersionDate "2021.10.06"]
[SourceQuality "1"]

1. d4 d5 2. c4 c6 3. Nc3 e6 4. Bf4 Nd7 5. e3 Bb4 6. a3 Bxc3+ 7. bxc3 Nb6 8. Nf3 dxc4 9. e4 Nf6 10. e5 Ne4 11. Qc2 Qd5 12. Ng5 Nxg5 13. Bxg5 c5 14. Rd1 O-O 15. Be7 Re8 16. Bxc5 Nd7 17. Bd6 b6 18. f3 Bb7 19. Qa4 b5 20. Qc2 a6 21. Rg1 Rac8 22. f4 f6 23. Be2 Bc6 24. Bf3 Qxd6 25. exd6 Bxf3 26. gxf3 e5 27. fxe5 fxe5 28. dxe5 Nxe5 29. Kf2 Rcd8 30. Rge1 Re6 31. Rxe5 Rxe5 32. Qd2 Rd7 33. Qd4 Rg5 34. Qb6 h5 35. Qc6 h4 36. Qxd7 1-0

[Event "CYCC U12"]
[Site "Vancouver CAN"]
[Date "2012.07.04"]
[Round "3"]
[White "Kolobaric, Nikola"]
[Black "Dawson, Jeffrey"]
[Result "0-1"]
[WhiteElo "990"]
[BlackElo "1224"]
[PlyCount "72"]
[GameId "2160767909508707"]
[EventDate "2012.07.03"]
[EventType "swiss"]
[EventRounds "7"]
[EventCountry "CAN"]
[SourceTitle "EXT 2022"]
[Source "ChessBase"]
[SourceDate "2021.10.06"]
[SourceVersion "1"]
[SourceVersionDate "2021.10.06"]
[SourceQuality "1"]

1. d4 d5 2. e3 Nf6 3. Nf3 e6 4. Ne5 Nbd7 5. Bb5 c6 6. Nxd7 Bxd7 7. Bd3 Be7 8. O-O O-O 9. Qe2 c5 10. e4 c4 11. Bxc4 dxc4 12. e5 Nd5 13. Qg4 Kh8 14. Nd2 Rc8 15. Ne4 Bc6 16. Ng3 Re8 17. Nh5 Bf8 18. Bg5 Qb6 19. Rab1 g6 20. Nf6 Nxf6 21. Bxf6+ Kg8 22. c3 Qa5 23. Ra1 b5 24. f4 b4 25. cxb4 Qxb4 26. Rab1 Be4 27. Rbe1 Bf5 28. Qg5 Qxb2 29. Rf2 Qxd4 30. a4 c3 31. a5 c2 32. Kh1 Qxf2 33. Qh4 Qxe1+ 34. Qxe1 c1=Q 35. Qg1 Rc2 36. Qxc1 Rxc1# 0-1

[Event "CYCC U12"]
[Site "Vancouver CAN"]
[Date "2012.07.04"]
[Round "3"]
[White "Lachance, Tristan"]
[Black "Baskaran, Karthik"]
[Result "0-1"]
[WhiteElo "1156"]
[BlackElo "746"]
[PlyCount "118"]
[GameId "2160767909508708"]
[EventDate "2012.07.03"]
[EventType "swiss"]
[EventRounds "7"]
[EventCountry "CAN"]
[SourceTitle "EXT 2022"]
[Source "ChessBase"]
[SourceDate "2021.10.06"]
[SourceVersion "1"]
[SourceVersionDate "2021.10.06"]
[SourceQuality "1"]

1. e4 e5 2. Nf3 Nc6 3. Bb5 Nf6 4. Nc3 Bc5 5. Bxc6 dxc6 6. Nxe5 O-O 7. d3 h6 8. O-O Re8 9. Nc4 Bg4 10. Qd2 Qe7 11. Re1 Nd5 12. Nxd5 cxd5 13. Qf4 Qe6 14. Ne3 Bxe3 15. Bxe3 dxe4 16. Bd2 Bf5 17. dxe4 Bh7 18. Rad1 Qxa2 19. Bc3 Qc4 20. Rd4 Qc6 21. Rb4 Rad8 22. Qg4 Bg6 23. f3 b6 24. Rd4 Rxd4 25. Bxd4 Qxc2 26. Qd7 Rf8 27. Qe7 Qd2 28. Bf2 Qxb2 29. Qxc7 a5 30. Bxb6 a4 31. Rd1 Kh7 32. Bd4 Qe2 33. Rf1 a3 34. Qe5 Rg8 35. Rf2 Qc4 36. Qc5 Qa6 37. Ra2 Ra8 38. Qe5 f6 39. Qc5 Bf7 40. Ra1 a2 41. Qc3 Rb8 42. Rc1 Rb1 43. e5 Qe2 44. Qe1 Qxe1+ 45. Rxe1 Rxe1+ 46. Kf2 a1=Q 47. Bxa1 Rxa1 48. exf6 gxf6 49. g4 h5 50. h3 hxg4 51. hxg4 Kg6 52. Kg3 f5 53. gxf5+ Kxf5 54. f4 Rf1 55. Kh4 Kxf4 56. Kh3 Rg1 57. Kh2 Rg8 58. Kh3 Be6+ 59. Kh4 Rh8# 0-1

[Event "CYCC U12"]
[Site "Vancouver CAN"]
[Date "2012.07.04"]
[Round "3"]
[White "Lee, Nicholas"]
[Black "Banwait, Gursimmer"]
[Result "1-0"]
[WhiteElo "1750"]
[BlackElo "1053"]
[PlyCount "87"]
[GameId "2160767909508709"]
[EventDate "2012.07.03"]
[EventType "swiss"]
[EventRounds "7"]
[EventCountry "CAN"]
[SourceTitle "EXT 2022"]
[Source "ChessBase"]
[SourceDate "2021.10.06"]
[SourceVersion "1"]
[SourceVersionDate "2021.10.06"]
[SourceQuality "1"]

1. e4 e5 2. Nf3 Nc6 3. d4 exd4 4. Nxd4 Nf6 5. Nxc6 bxc6 6. e5 Nd5 7. c4 Nb6 8. b3 c5 9. Nd2 d6 10. Bb2 dxe5 11. Bxe5 f6 12. Bb2 Bd6 13. Ne4 O-O 14. Bd3 Bf5 15. O-O Bxe4 16. Bxe4 Rb8 17. Re1 Re8 18. Re3 Nc8 19. Qd5+ Kh8 20. Qh5 h6 21. Qg6 Bxh2+ 22. Kxh2 Rxe4 23. Rxe4 Nd6 24. Rh4 Kg8 25. Rxh6 Nf7 26. Bxf6 Qd6+ 27. Kg1 Kf8 28. Qxg7+ Ke8 29. Re1+ Kd7 30. Qxf7+ Kc8 31. Rh8+ Kb7 32. Rxb8+ Kxb8 33. Qe8+ Kb7 34. Qb5+ Qb6 35. g4 a6 36. Qxb6+ Kxb6 37. Re6+ Kb7 38. g5 Kc8 39. f4 Kd7 40. f5 Kc8 41. g6 c6 42. g7 a5 43. g8=Q+ Kd7 44. Qd8# 1-0

[Event "CYCC U12"]
[Site "Vancouver CAN"]
[Date "2012.07.04"]
[Round "3"]
[White "Li, Kevin1"]
[Black "Wu, Brenden"]
[Result "0-1"]
[WhiteElo "725"]
[BlackElo "860"]
[PlyCount "120"]
[GameId "2160767909508710"]
[EventDate "2012.07.03"]
[EventType "swiss"]
[EventRounds "7"]
[EventCountry "CAN"]
[SourceTitle "EXT 2022"]
[Source "ChessBase"]
[SourceDate "2021.10.06"]
[SourceVersion "1"]
[SourceVersionDate "2021.10.06"]
[SourceQuality "1"]

1. e4 d6 2. d4 g6 3. Nf3 Bg7 4. Bc4 Nf6 5. Qe2 O-O 6. e5 Ne8 7. O-O d5 8. Bb3 e6 9. Bg5 f6 10. exf6 Bxf6 11. Qe3 Bxg5 12. Nxg5 Ng7 13. f4 h6 14. Nf3 Nc6 15. c3 Qf6 16. Ne5 Nxe5 17. dxe5 Qf5 18. Nd2 b6 19. Rac1 Ba6 20. Bc2 Qf7 21. Rf2 Nf5 22. Qh3 Kh7 23. Nf1 Rad8 24. Ng3 Nxg3 25. Qxg3 Kh8 26. Bxg6 Qg7 27. Rd1 Rg8 28. f5 exf5 29. Rdf1 Bxf1 30. Kxf1 Qxg6 31. Qxg6 Rxg6 32. Rxf5 Kg7 33. Kf2 Rf8 34. Rf3 Rxf3+ 35. Kxf3 Kf7 36. g3 h5 37. Kf4 Ke6 38. b4 Rg8 39. a4 Rg4+ 40. Kf3 Kxe5 41. h4 d4 42. cxd4+ Rxd4 43. g4 Rxg4 44. a5 Rxh4 45. axb6 cxb6 46. b5 Rb4 47. Kg3 Kf5 48. Kf3 Rb3+ 49. Ke2 Kf4 50. Kd2 Ke4 51. Kc2 Rh3 52. Kb2 Kd4 53. Kc2 Rg3 54. Kd2 Rg2+ 55. Ke1 Ke3 56. Kd1 Rh2 57. Kc1 Kd3 58. Kb1 Kc3 59. Ka1 Kb3 60. Kb1 Rh1# 0-1

[Event "CYCC U12"]
[Site "Vancouver CAN"]
[Date "2012.07.04"]
[Round "3"]
[White "Lin, Alex"]
[Black "Zheng, Maven"]
[Result "1-0"]
[WhiteElo "1204"]
[BlackElo "954"]
[PlyCount "93"]
[GameId "2160767909508711"]
[EventDate "2012.07.03"]
[EventType "swiss"]
[EventRounds "7"]
[EventCountry "CAN"]
[SourceTitle "EXT 2022"]
[Source "ChessBase"]
[SourceDate "2021.10.06"]
[SourceVersion "1"]
[SourceVersionDate "2021.10.06"]
[SourceQuality "1"]

1. e4 e5 2. Nf3 Nc6 3. Bb5 d6 4. d4 exd4 5. Nxd4 Bd7 6. Bxc6 Bxc6 7. Nxc6 bxc6 8. Nc3 Nf6 9. O-O g6 10. Bg5 Bg7 11. Re1 O-O 12. Qf3 Re8 13. Rad1 Qe7 14. e5 c5 15. Bxf6 Bxf6 16. Qxf6 dxe5 17. Qxe7 Rxe7 18. Nd5 Re6 19. Nxc7 Rae8 20. Nxe6 Rxe6 21. Rd5 Rb6 22. b3 Ra6 23. a4 f6 24. Rxc5 Rd6 25. Kf1 Rd2 26. c3 Rb2 27. b4 Kg7 28. Rc7+ Kh6 29. Rxa7 Rc2 30. Rc7 Ra2 31. a5 Kg5 32. Rd7 h5 33. Rdd1 Rc2 34. Rc1 Rd2 35. a6 Rd7 36. Ra1 Ra7 37. b5 Kf5 38. b6 Rd7 39. a7 Rxa7 40. bxa7 Ke6 41. Ra6+ Kd5 42. a8=Q+ Kc4 43. Qc6+ Kd3 44. Qd5+ Kc2 45. Ra2+ Kxc3 46. Rc1+ Kb4 47. Qc4# 1-0

[Event "CYCC U12"]
[Site "Vancouver CAN"]
[Date "2012.07.04"]
[Round "3"]
[White "Liu, Ryan"]
[Black "Goldblatt, Taylor"]
[Result "0-1"]
[WhiteElo "852"]
[BlackElo "426"]
[PlyCount "86"]
[GameId "2160767909508712"]
[EventDate "2012.07.03"]
[EventType "swiss"]
[EventRounds "7"]
[EventCountry "CAN"]
[SourceTitle "EXT 2022"]
[Source "ChessBase"]
[SourceDate "2021.10.06"]
[SourceVersion "1"]
[SourceVersionDate "2021.10.06"]
[SourceQuality "1"]

1. e4 e5 2. Nf3 Nc6 3. Bc4 Bb4 4. c3 Ba5 5. O-O Nf6 6. Ng5 O-O 7. d4 d6 8. dxe5 Nxe5 9. Bb3 h6 10. Nf3 Nxe4 11. Qd5 Nc5 12. Nxe5 Be6 13. Qd1 dxe5 14. Bxe6 Nxe6 15. Qg4 Qf6 16. f4 Bb6+ 17. Kh1 Qg6 18. Qxg6 fxg6 19. g3 Ng5 20. Kg2 exf4 21. gxf4 Ne6 22. b4 c6 23. Na3 Bc7 24. Nc2 Nxf4+ 25. Bxf4 Bxf4 26. Nd4 Be5 27. Rxf8+ Rxf8 28. Ne6 Rf5 29. Rd1 Rf6 30. Rd8+ Kf7 31. Nf8 Bxc3 32. Nd7 Rd6 33. Kf3 Ke7 34. Rb8 Rxd7 35. a3 Rd3+ 36. Ke4 Rd7 37. Ra8 b5 38. Rc8 Kd6 39. Kd3 Be5 40. h3 g5 41. Rf8 h5 42. Rf5 Ke6+ 43. Ke4 Rd4+ 0-1

[Event "CYCC U12"]
[Site "Vancouver CAN"]
[Date "2012.07.04"]
[Round "3"]
[White "Song, Ziyuan"]
[Black "Gedajlovic, Max"]
[Result "1/2-1/2"]
[WhiteElo "2042"]
[BlackElo "1695"]
[PlyCount "41"]
[GameId "2160767909508713"]
[EventDate "2012.07.03"]
[EventType "swiss"]
[EventRounds "7"]
[EventCountry "CAN"]
[SourceTitle "EXT 2022"]
[Source "ChessBase"]
[SourceDate "2021.10.06"]
[SourceVersion "1"]
[SourceVersionDate "2021.10.06"]
[SourceQuality "1"]

1. e4 c5 2. Nf3 d6 3. d4 cxd4 4. Nxd4 Nf6 5. Nc3 g6 6. Bc4 Bg7 7. Be3 O-O 8. f3 Nc6 9. Qd2 Bd7 10. g4 Rb8 11. a4 Ne5 12. Bb3 a6 13. h4 b5 14. axb5 axb5 15. h5 Qb6 16. hxg6 hxg6 17. O-O-O Qa5 18. Na2 Qxd2+ 19. Rxd2 Nc4 20. Bxc4 bxc4 21. Rdh2 1/2-1/2

[Event "CYCC U12"]
[Site "Vancouver CAN"]
[Date "2012.07.04"]
[Round "3"]
[White "Taylor, Tristan"]
[Black "Liu, Danny"]
[Result "1-0"]
[WhiteElo "1219"]
[BlackElo "1005"]
[PlyCount "113"]
[GameId "2160767909508714"]
[EventDate "2012.07.03"]
[EventType "swiss"]
[EventRounds "7"]
[EventCountry "CAN"]
[SourceTitle "EXT 2022"]
[Source "ChessBase"]
[SourceDate "2021.10.06"]
[SourceVersion "1"]
[SourceVersionDate "2021.10.06"]
[SourceQuality "1"]

1. d4 d5 2. c4 e6 3. Nc3 Nf6 4. Bg5 Be7 5. e3 Nc6 6. a3 a5 7. Rc1 b6 8. Nf3 Bb7 9. Be2 h6 10. Bh4 O-O 11. O-O Ne4 12. Bxe7 Qxe7 13. cxd5 Nxc3 14. Rxc3 exd5 15. Qd2 Rad8 16. Rfc1 Qd6 17. Bb5 Na7 18. Rxc7 Nxb5 19. Rxb7 Rc8 20. a4 Nc7 21. Ne5 f6 22. Rc6 Qd8 23. Ng6 Rf7 24. Rbxb6 Na8 25. Rxc8 Qxc8 26. Rd6 Kh7 27. Qd3 Qc1+ 28. Qf1 Qxf1+ 29. Kxf1 Kxg6 30. Rxd5 Ra7 31. Rc5 Nb6 32. d5 Nxa4 33. Rc4 Nxb2 34. Rc2 Nd3 35. Rd2 Ne5 36. f4 Ng4 37. Ke2 Nxh2 38. d6 Rd7 39. g3 Ng4 40. Kf3 f5 41. e4 Nf6 42. e5 Ne8 43. Rc2 Kf7 44. g4 fxg4+ 45. Kxg4 g6 46. f5 gxf5+ 47. Kxf5 Ng7+ 48. Ke4 Ke6 49. Rg2 h5 50. Rg6+ Kf7 51. Rf6+ Ke8 52. Kd5 Ra7 53. e6 Nxe6 54. Kxe6 Rd7 55. Rh6 Kf8 56. Kxd7 Kg7 57. Rxh5 1-0

[Event "CYCC U12"]
[Site "Vancouver CAN"]
[Date "2012.07.04"]
[Round "3"]
[White "Tjia-Gan, Nicholas"]
[Black "Yoshino, Alexander"]
[Result "1-0"]
[WhiteElo "870"]
[BlackElo "770"]
[PlyCount "39"]
[GameId "2160767909508715"]
[EventDate "2012.07.03"]
[EventType "swiss"]
[EventRounds "7"]
[EventCountry "CAN"]
[SourceTitle "EXT 2022"]
[Source "ChessBase"]
[SourceDate "2021.10.06"]
[SourceVersion "1"]
[SourceVersionDate "2021.10.06"]
[SourceQuality "1"]

1. e4 d6 2. Nc3 Nf6 3. Nf3 g6 4. Bb5+ c6 5. Bd3 Bg7 6. e5 dxe5 7. Nxe5 O-O 8. O-O b5 9. Qf3 Nh5 10. Be4 Bxe5 11. Bxc6 Nxc6 12. Qxc6 Rb8 13. Nxb5 a6 14. Na7 Rb6 15. Qxc8 Rb8 16. Qxd8 Rbxd8 17. Nc6 Bxb2 18. Bxb2 Rxd2 19. Rad1 Rxc2 20. Nxe7# 1-0

[Event "CYCC U12"]
[Site "Vancouver CAN"]
[Date "2012.07.04"]
[Round "3"]
[White "Wang, Edward"]
[Black "Shi, Jasper"]
[Result "0-1"]
[WhiteElo "1132"]
[BlackElo "1088"]
[PlyCount "116"]
[GameId "2160767909508716"]
[EventDate "2012.07.03"]
[EventType "swiss"]
[EventRounds "7"]
[EventCountry "CAN"]
[SourceTitle "EXT 2022"]
[Source "ChessBase"]
[SourceDate "2021.10.06"]
[SourceVersion "1"]
[SourceVersionDate "2021.10.06"]
[SourceQuality "1"]

1. e4 c6 2. d4 d5 3. Nc3 dxe4 4. Nxe4 Bf5 5. Ng3 Bg6 6. h4 h6 7. h5 Bh7 8. Nf3 Nd7 9. Bd3 Bxd3 10. Qxd3 e6 11. Bf4 Ngf6 12. O-O Qb6 13. Qb3 Qxb3 14. axb3 Be7 15. Ne5 O-O 16. Nc4 Nd5 17. Bd6 Bxd6 18. Nxd6 b6 19. c4 N5f6 20. Rfe1 c5 21. dxc5 Nxc5 22. b4 Nd3 23. Re3 Nxb4 24. Ra4 Nc6 25. Nge4 Nxh5 26. Rh3 Nf4 27. Rf3 Ne2+ 28. Kf1 Ned4 29. Rg3 Nf5 30. Nxf5 exf5 31. Nf6+ Kh8 32. Nh5 Rg8 33. Ra6 g6 34. Nf6 Rgd8 35. c5 Nb4 36. Ra4 bxc5 37. Rc3 Nd3 38. Raa3 Nxb2 39. Rxc5 Rd6 40. Nd5 Nc4 41. Rxc4 Rxd5 42. Rh3 Kg7 43. Rch4 h5 44. Rg3 a5 45. Rxh5 Rh8 46. Rhg5 Rd2 47. Rxg6+ fxg6 48. Ke1 Ra2 49. Rh3 Rxh3 50. gxh3 a4 51. Kd1 a3 52. Kc1 Rxf2 53. Kb1 Kf6 54. Ka1 g5 55. h4 gxh4 56. Kb1 h3 57. Kc1 a2 58. Kd1 a1=R# 0-1

[Event "CYCC U12"]
[Site "Vancouver CAN"]
[Date "2012.07.04"]
[Round "3"]
[White "Xu, Jeffrey"]
[Black "Cao, Jason"]
[Result "0-1"]
[WhiteElo "1832"]
[BlackElo "2031"]
[PlyCount "199"]
[GameId "2160767909508717"]
[EventDate "2012.07.03"]
[EventType "swiss"]
[EventRounds "7"]
[EventCountry "CAN"]
[SourceTitle "EXT 2022"]
[Source "ChessBase"]
[SourceDate "2021.10.06"]
[SourceVersion "1"]
[SourceVersionDate "2021.10.06"]
[SourceQuality "1"]

1. e4 c5 2. Nf3 d6 3. Bb5+ Nd7 4. d3 Ngf6 5. O-O a6 6. Bc4 e6 7. Bb3 Be7 8. a4 O-O 9. Nc3 b6 10. Ne1 Bb7 11. f4 Bc6 12. Ne2 b5 13. c3 c4 14. dxc4 bxc4 15. Bxc4 Bxe4 16. Bd3 Qb6+ 17. Kh1 Nc5 18. h3 Nh5 19. b4 Bxd3 20. Nxd3 Ne4 21. Qe1 Bf6 22. Bd2 Qd8 23. g3 Rc8 24. Ra3 e5 25. f5 Re8 26. Kh2 Nxd2 27. Qxd2 Bg5 28. Qb2 e4 29. Ne1 Bf6 30. Qd2 Be5 31. Kg2 Qc7 32. Qe3 Nf6 33. Qd2 Qc6 34. Kh2 Nd5 35. Nc2 Qc4 36. Ncd4 Bxd4 37. cxd4 e3 38. Qd3 Qxd3 39. Rxd3 Rc2 40. Re1 Rd2 41. Rb3 Rc8 42. Kg2 Rcc2 43. Kf3 Rb2 44. Rxb2 Rxb2 45. Ke4 Nxb4 46. Rc1 g6 47. Kxe3 Nd5+ 48. Kd3 Ra2 49. fxg6 hxg6 50. Rc4 Ra3+ 51. Kd2 Kf8 52. Ke1 Ke7 53. Kd2 a5 54. Kc1 g5 55. Kd2 Nb6 56. Rc3 Rxa4 57. Kd3 Nd5 58. Rb3 Rb4 59. Ra3 a4 60. Nc3 Nb6 61. Ne4 f6 62. Nc3 Ke6 63. Ke4 d5+ 64. Kf3 Rxd4 65. Ke3 Rb4 66. Kd3 Rb3 67. Ra2 Nc4 68. Kd4 Nb6 69. Kd3 Rb4 70. Re2+ Kd6 71. Ra2 Kc5 72. Rc2 Nc4 73. Re2 Ne5+ 74. Kd2 Kc4 75. Nd1 d4 76. Kc1 Rb3 77. Nb2+ Kb4 78. Re4 Rxg3 79. Rxd4+ Kc3 80. Rd1 a3 81. Na4+ Kb4 82. Rd4+ Kb5 83. h4 gxh4 84. Rxh4 Nc4 85. Kb1 Kxa4 86. Rxc4+ Kb3 87. Rc1 a2+ 88. Ka1 f5 89. Rf1 Rg5 90. Rf3+ Kc2 91. Kxa2 Kd2 92. Kb2 Ke2 93. Rf4 Ke3 94. Ra4 f4 95. Kc2 Rd5 96. Ra8 f3 97. Re8+ Kf2 98. Re7 Kf1 99. Re3 f2 100. Re2 0-1

[Event "CYCC U12"]
[Site "Vancouver CAN"]
[Date "2012.07.04"]
[Round "3"]
[White "Xu, Jingzhi (Edwin)"]
[Black "Cheung, Lukas"]
[Result "0-1"]
[WhiteElo "1317"]
[BlackElo "1429"]
[PlyCount "60"]
[GameId "2160767909508718"]
[EventDate "2012.07.03"]
[EventType "swiss"]
[EventRounds "7"]
[EventCountry "CAN"]

1. d4 d5 2. Bf4 Nf6 3. Nc3 c6 4. Nf3 b5 5. a3 e6 6. e3 Nbd7 7. Bd3 Bb7 8. O-O a6 9. e4 dxe4 10. Nxe4 c5 11. Nd6+ Bxd6 12. Bxd6 cxd4 13. Nxd4 Nb6 14. Nxb5 axb5 15. Bxb5+ Nbd7 16. Re1 Qb6 17. Qd3 Rd8 18. c4 Ne4 19. c5 Nexc5 20. Qg3 Rg8 21. a4 Ne4 22. Bc7 Qc5 23. Qf4 g5 24. Qf3 Qxc7 25. Rxe4 Bxe4 26. Qxe4 Ke7 27. Re1 Nf6 28. Qe3 Ng4 29. Qh3 Qf4 30. f3 Qd4+ 0-1

[Event "CYCC U12"]
[Site "Vancouver CAN"]
[Date "2012.07.04"]
[Round "3"]
[White "Zhou, You"]
[Black "Jayaweera, Lahiru"]
[Result "0-1"]
[WhiteElo "935"]
[BlackElo "1125"]
[PlyCount "28"]
[GameId "2160767909508719"]
[EventDate "2012.07.03"]
[EventType "swiss"]
[EventRounds "7"]
[EventCountry "CAN"]
[SourceTitle "EXT 2022"]
[Source "ChessBase"]
[SourceDate "2021.10.06"]
[SourceVersion "1"]
[SourceVersionDate "2021.10.06"]
[SourceQuality "1"]

1. e4 c6 2. d4 d5 3. Nc3 dxe4 4. Nxe4 Bf5 5. Ng3 Bg6 6. Nf3 Nd7 7. Be2 Qc7 8. Be3 e6 9. O-O Ngf6 10. h3 Bd6 11. Qe1 Bxc2 12. Nh1 Be4 13. Qd2 Bxf3 14. Bxf3 Bh2# 0-1

[Event "CYCC U12"]
[Site "Vancouver CAN"]
[Date "2012.07.04"]
[Round "4"]
[White "Banwait, Gursimmer"]
[Black "Ge, Alex"]
[Result "0-1"]
[WhiteElo "1053"]
[BlackElo "921"]
[PlyCount "78"]
[GameId "2160767909508720"]
[EventDate "2012.07.03"]
[EventType "swiss"]
[EventRounds "7"]
[EventCountry "CAN"]
[SourceTitle "EXT 2022"]
[Source "ChessBase"]
[SourceDate "2021.10.06"]
[SourceVersion "1"]
[SourceVersionDate "2021.10.06"]
[SourceQuality "1"]

1. e4 e5 2. Nf3 Nc6 3. Bc4 Be7 4. Nc3 Nf6 5. d3 d6 6. h3 Bd7 7. Be3 O-O 8. Nd5 Nh5 9. Nxe7+ Nxe7 10. Bg5 b5 11. Bd5 c6 12. Bb3 Qe8 13. Bxe7 Qxe7 14. c4 b4 15. Nh2 Nf6 16. O-O Be6 17. a3 bxa3 18. Rxa3 Rad8 19. Ra6 Qb7 20. Ra4 d5 21. cxd5 cxd5 22. exd5 Bxd5 23. Bxd5 Nxd5 24. Qf3 f5 25. Rfa1 a5 26. Rxa5 Qxb2 27. Ra7 Rf7 28. Ra8 Rff8 29. R1a7 Qc1+ 30. Nf1 Nc7 31. Rxd8 Rxd8 32. Qxf5 Qc5 33. Rb7 Rf8 34. Qd7 Qxf2+ 35. Kh2 Qxf1 36. Rxc7 Qf4+ 37. g3 Qf2+ 38. Kh1 Qf1+ 39. Kh2 Rf2# 0-1

[Event "CYCC U12"]
[Site "Vancouver CAN"]
[Date "2012.07.04"]
[Round "4"]
[White "Baskaran, Karthik"]
[Black "Ju, Terrence"]
[Result "0-1"]
[WhiteElo "746"]
[BlackElo "1268"]
[PlyCount "126"]
[GameId "2160767909508721"]
[EventDate "2012.07.03"]
[EventType "swiss"]
[EventRounds "7"]
[EventCountry "CAN"]
[SourceTitle "EXT 2022"]
[Source "ChessBase"]
[SourceDate "2021.10.06"]
[SourceVersion "1"]
[SourceVersionDate "2021.10.06"]
[SourceQuality "1"]

1. e4 c5 2. Nf3 d6 3. d4 cxd4 4. Nxd4 Nf6 5. Nc3 g6 6. Be3 Bg7 7. Bc4 O-O 8. O-O Nc6 9. Nxc6 bxc6 10. Qe2 Qc7 11. Bf4 Rd8 12. Rad1 Qb6 13. e5 Bg4 14. Be3 Qxb2 15. f3 dxe5 16. Rxd8+ Rxd8 17. fxg4 Qxc3 18. Bb3 Nxg4 19. Bxf7+ Kh8 20. Bxa7 Qa5 21. Be3 Nxe3 22. Qxe3 Rd2 23. Qb3 Qc5+ 24. Kh1 Qd6 25. Qf3 Qf6 26. Qxf6 Bxf6 27. Bb3 e4 28. g3 e3 29. c4 e2 30. Re1 Bc3 31. Kg2 Rb2 32. Kf2 Bxe1+ 33. Kxe1 Kg7 34. c5 Kf6 35. Bc4 Ke5 36. Bxe2 Rxa2 37. Bf3 Rxh2 38. Bxc6 Rc2 39. Bf3 Rxc5 40. Kd2 Kd4 41. g4 Rc3 42. Be2 Rg3 43. Kd1 Kc3 44. Ke1 Rg2 45. Kf1 Rh2 46. Bb5 Kd4 47. Kg1 Rd2 48. Be8 Ke3 49. Bf7 Kf3 50. Bg8 h6 51. Bh7 g5 52. Bf5 e5 53. Bc8 e4 54. Bb7 Kg3 55. Kf1 Kf3 56. Ke1 Ke3 57. Kf1 Kf4 58. Ke1 Rg2 59. Ba8 Rxg4 60. Kf2 h5 61. Ke2 h4 62. Kd2 h3 63. Kc3 h2 0-1